00482nam a2200193Ia 4500003000400000005001700004008004100021020002200062040000700084041001200091082001700103100001400120245004200134260004000176300001200216365001400228650001500242650003100257OSt20251015182338.0210423s2014 xx 000 0 und d a978-81-261-6120-1 cAL aEnglish a361.4 bSING aSingh A K aGroup dynamics in social work process aNew DelhibAnmol Publicationsc2014 a312bHB b1900cINR aGroup Work aSocial Problems & Services